00662nam a2200181 i 4500001000400000245012900004260004200133300002900175650005200204650005500256650002600311650005000337700002100387020001500408040000800423041000800431008004100439bgj00aFirst Certificate: First! :bexamination practice : reading, writing, use of english : student's book /cby Sophie Kingsley. aNewbury :bExpress Publishing,c2001. a112 pp :bill. ;c29 cm. 9aEnglish languagexExaminations, questions, etc. 9aEnglish languagexReadingxWritingxUse of English 9aFCxFC practice tests 9aFCxFC readingxFC writingxFC use of English1 aKINGSLEY, Sophie a1842169920 cBPK0 aeng s uk f |000 0 eng